Location-Based Social Media: Space, Time and Identity / (Record no. 617408)

000 -LEADER
fixed length control field 00506nam a22001697a 4500
003 - CONTROL NUMBER IDENTIFIER
control field NUST
005 - DATE AND TIME OF LATEST TRANSACTION
control field 20260512124746.0
008 - FIXED-LENGTH DATA ELEMENTS--GENERAL INFORMATION
fixed length control field 260512b ||||| |||| 00| 0 eng d
020 ## - INTERNATIONAL STANDARD BOOK NUMBER
International Standard Book Number 978-3319841687
082 ## - DEWEY DECIMAL CLASSIFICATION NUMBER
Classification number 302.231
Author Mark EVA
100 ## - MAIN ENTRY--PERSONAL NAME
Personal name Leighton Evans, Michael Saker.
9 (RLIN) 134417
245 ## - TITLE STATEMENT
Title Location-Based Social Media: Space, Time and Identity /
Statement of responsibility, etc. Leighton Evans, Michael Saker.
260 ## - PUBLICATION, DISTRIBUTION, ETC.
Name of publisher, distributor, etc. Palgrave Macmillan,
Date of publication, distribution, etc. 2017.
300 ## - PHYSICAL DESCRIPTION
Extent 112 p ;
Dimensions 26.2 cm
563 ## - BINDING INFORMATION
Binding note hardcover
942 ## - ADDED ENTRY ELEMENTS (KOHA)
Source of classification or shelving scheme
Koha item type Book
Holdings
Withdrawn status Lost status Source of classification or shelving scheme Damaged status Not for loan Permanent Location Current Location Date acquired Total Checkouts Full call number Barcode Date last seen Price effective from Koha item type
          Institute of Geographical Information Systems (IGIS) Institute of Geographical Information Systems (IGIS) 05/12/2026   302.231 EVA IGIS-994 05/12/2026 05/12/2026 Book
© 2023 Central Library, National University of Sciences and Technology. All Rights Reserved.